1313 1313 1550 1052 1968 1934 1777 1689 1112 1572 1511 1278 1801 1083 1151 1816 1860 1704 1518 1155 1247 1577 1948 1903 1321 1360 1589 1536 1102 1550 1991 1718 1495 1261 1178 1499 1504 1450 1341 1512 1828 1496 1512 1807 1652 1868 1722 1493 1006 1230 1170 1611 1805 1126 1414 1810 1511 1658 1337 1638 1821 1631 1090 1759 1879 1282 1718 1724 1954 1669 1489 1609 1783 1023 1732 1108 1166 1093 1864 1354 1841 1792 1530 1079 1367 1851 1226 1857 1727 1128 1542 1010 1976 1965 1957 1581 1956 1354 1890 BCNSPRNW ULIB Ver.6.0+V

เปลี่ยนเป็นภาษาไทย

Change to English
 แสดงรายละเอียดบรรณานุกรม
  กลับหน้าหลัก

Brief Record : Get Marc (ISO 2709) : E-mail record : QR code < ปิดหน้าต่าง
LEADER : 00000nas 2200000uu 4500
001    13399126002
003     ULIB
008    180306s2560||||th 000 0 tha d
022 0  ^a25395688
110 1  ^aวารสารวิทยาศาสตร์และเทคโนโลยี มรย.
245 00 ^aวารสารวิทยาศาสตร์และเทคโนโลยี มรย.^cมหาวิทยาลัยราชภัฏยะลา
260    ^aยะลา;^bมหาวิทยาลัยราชภัฏยะลา,^c2560
310    ^aราย 6 เดือน
850 ^a ULIB^bปีที่ 2 ฉบับที่ 2 ฉ.1
945    ^p0^l0^i904815
999    ^aประนอม เกษจรัล
รายการนี้ยังไม่มีแท็ก
คุณยังไม่ได้ล็อกอิน คุณสามารถมีกิจกรรมร่วมกับเว็บไซต์ได้ แต่ต้องล็อกอินก่อน ::
  ล็อกอิน

รายการสื่อสารสนเทศ (วารสาร)

ดูแบบ: กล่อง รายการ
ARRIVED
ปีที่ 2 ฉบับที่ 2 ฉ.1
สถานที่: ห้องสมุดวิทยาเขตสวรรค์ประชารักษ์ >วารสาร

BibComment


ยังไม่เคยถูกคอมเมนท์

คอมเมนท์ทรัพยากรรายการนี้
  คอมเมนท์: วารสารวิทยาศาสตร..


 Copyright 2026. Bcnsprnw @Library